000 01088cab a22002175a 4500
001 L137560
008 070416s2007 xxko f 000 0 eng d
035 _a(Sirsi) u137560
041 0 _aeng
100 1 _aHenerey, Irene
245 0 0 _aAccess-ability
260 _c2007
490 _aJournal of the Law Society of Scotland
_v52(3) March 2007, 16-18(3)
520 _aStresses that it is important for solicitors to be familiar with the provisions of Part 3 of Disability Discrimination Acts of 1995 and 2005, both in order to comply with their own duties as service providers and to be able to advise their clients of their legal rights and obligations. Discusses the changes brought about in December 2006 by the 2005 Act and looks at the support available from the Disability Rights Commission for Part 3 legal cases.
590 _aKA
650 2 4 _aDISABILITY DISCRIMINATION ACT 1995
650 2 4 _aDISABILITY DISCRIMINATION ACT 2005
651 4 _aScotland
_y1999-
690 _aMANAGEMENT-BUSINESS MANAGEMENT-DISCRIMINATION-DISABILITY DISCRIMINATION-ACCESSIBILITY
942 _n0
999 _c78660
_d78660